000
00230nam a22000857a 4500
008
160705b xxu||||| |||| 00| 0 eng d
100
_9
2278
_a
Oxford University
245
_a
Mini Dictionary of Biology
260
_a
Delhi
_b
Oxford
_c
1985
999
_c
1960
_d
1960